Marek koniar a uhorský pápež /

Uložené v:
Podrobná bibliografia
Hlavný autor: Johanides, Ján, 1934-2008
Médium: Kniha
Jazyk:Slovak
Vydané: Levice : Koloman Kertész Bagala, 2003.
Vydanie:Vyd. 2.
Témy:
ISBN: 808912920X (viaz.)
Fyzický popis: 245 s. : ; 21 cm.
Tagy: Pridať tag
Žiadne tagy, Buďte prvý kto otaguje tento záznam!

MARC

LEADER 00000nam a2200000 a 4500
001 000000519
003 SVKK
005 20080609101819.0
008 040310s2003 xo g 000 f slo d
020 |a 808912920X (viaz.) 
040 |a SVKKK  |b slo  |c SVKKK  |e AACR2 
041 0 |a slo 
044 |a xo  |c SK 
072 7 |a 821.162.4-3  |x Slovenská próza  |2 konspekt 
080 |a 821.162.4-31  |2 2001 
080 |a (0:82-311.6)  |2 2001 
100 1 |a Johanides, Ján,  |d 1934-2008 
245 1 0 |a Marek koniar a uhorský pápež /  |c Ján Johanides. 
250 |a Vyd. 2. 
260 |a Levice :  |b Koloman Kertész Bagala,  |c 2003. 
300 |a 245 s. : ;  |c 21 cm. 
500 |a Vysvetlivky 
655 7 |a slovenské romány  |2 SVKKKPH 
655 7 |a historické romány  |2 SVKKKPH 
910 |a svkkk 
919 |a 80-89129-20-X 
998 |a BK 
090 |g SCKHL  |k Sklad Pribinova 2. posch.  |a III.196318  |j 959954  |i 2720021071  |s Absenčne 
090 |g SCKHL  |k Sklad Hlavná 10 prízemie  |a III.208142  |j 993464  |i 2720077727  |s Absenčne